Southville International School and Colleges
Your cart is empty.
  • Cart
  • Lists
    Public lists Eva Luna New books Lux_list list_1
    Your lists Log in to create your own lists
  • Log in to your account
  • Your cookies
  • Search history
Southville International School and Colleges
  • Advanced search
  • Recent comments
  • Most popular
  • Libraries

Log in to your account

Log in with GOOGLE


If you do not have an external account, but do have a local account, you can still log in:

  1. Home
  2. MARC view: Harry Potter and the cursed child :
Normal view MARC view ISBD view

Harry Potter and the cursed child : (Record no. 363167)

[ view plain ]
MARC details
000 -LEADER
fixed length control field 00710nam a2200265Ia 4500
008 - FIXED-LENGTH DATA ELEMENTS--GENERAL INFORMATION
fixed length control field 200601s9999 xx 000 0 und d
020 ## - INTERNATIONAL STANDARD BOOK NUMBER
International Standard Book Number 978-1-338-21666-0
050 ## - LIBRARY OF CONGRESS CALL NUMBER
Classification number FIC T46
050 ## - LIBRARY OF CONGRESS CALL NUMBER
Item number 2016
100 ## - MAIN ENTRY--PERSONAL NAME
Personal name Thorne, Jack.
245 #0 - TITLE STATEMENT
Title Harry Potter and the cursed child :
245 #0 - TITLE STATEMENT
Remainder of title parts one and two : playscript /
245 #0 - TITLE STATEMENT
Statement of responsibility, etc Jack Thorne.
260 ## - PUBLICATION, DISTRIBUTION, ETC. (IMPRINT)
Place of publication, distribution, etc New York :
260 ## - PUBLICATION, DISTRIBUTION, ETC. (IMPRINT)
Name of publisher, distributor, etc Scholastic,
260 ## - PUBLICATION, DISTRIBUTION, ETC. (IMPRINT)
Date of publication, distribution, etc 2016
300 ## - PHYSICAL DESCRIPTION
Extent 315 pages :
300 ## - PHYSICAL DESCRIPTION
Dimensions 19 cm.
650 ## - SUBJECT ADDED ENTRY--TOPICAL TERM
Topical term or geographic name as entry element Magic -- Drama.
650 ## - SUBJECT ADDED ENTRY--TOPICAL TERM
Topical term or geographic name as entry element Potter, Harry (Fictitious character) -- Drama.
650 ## - SUBJECT ADDED ENTRY--TOPICAL TERM
Topical term or geographic name as entry element Wizards -- Drama.
650 ## - SUBJECT ADDED ENTRY--TOPICAL TERM
General subdivision Fantasy drama.
650 ## - SUBJECT ADDED ENTRY--TOPICAL TERM
General subdivision Good and evil -- Drama.
650 ## - SUBJECT ADDED ENTRY--TOPICAL TERM
General subdivision Witches -- Drama.
Holdings
Withdrawn status Lost status Damaged status Home library Current library Shelving location Date acquired Cost, normal purchase price Total Checkouts Full call number Barcode Date last seen Price effective from Koha item type
      South Mansfield College South Mansfield College Fiction Section 01/09/2020 416.00   FIC T46 2016 SMC06291 06/01/2020 06/01/2020 Books

Harry Potter and the cursed child :

APA

Thorne J., .Harry Potter and the cursed child. New York: .

Chicago

Thorne Jack, .Harry Potter and the cursed child. New York: .

Harvard

Thorne J., .Harry Potter and the cursed child. New York: .

MLA

Thorne Jack, .New York: . .

  • Place hold
  • Print
  • Cite
  • Add to your cart (remove)
  • Save record
    BIBTEX Dublin Core MARCXML MARC (non-Unicode/MARC-8) MARC (Unicode/UTF-8) MARC (Unicode/UTF-8, Standard) MODS (XML) RIS
  • More searches
    Search for this title in:
    Other Libraries (WorldCat) Other Databases (Google Scholar) Online Stores (Bookfinder.com) Open Library (openlibrary.org)

Exporting to Dublin Core...

SOUTHVILLE LIBRARY

Southville International School and Colleges Library

1281 Tropical Ave. Cor. Luxembourg St., BF Homes International, Las Pinas City

Tel. No. 8256374 / 252358 Loc. 117/146

Powered by Koha